书目信息 |
| 题名: |
地下工程测量
|
|
| 作者: | 赵吉先 , 孙小荣 主编 | |
| 分册: | ||
| 出版信息: | 北京 测绘出版社 2013.06 |
|
| 页数: | 197页 | |
| 开本: | 28cm | |
| 丛书名: | ||
| 单 册: | ||
| 中图分类: | TU198 | |
| 科图分类: | ||
| 主题词: | 建筑测量 , 建筑测量--建筑制图 | |
| 电子资源: | ||
| ISBN: | 7-5030-2825-4 | |
| 000 | 00692nam0 2200229 450 | |
| 001 | 1346203355 | |
| 005 | 20201103103157.92 | |
| 010 | @a7-5030-2825-4@dCNY28.00 | |
| 100 | @a20131226d2013 km y0chiy0120 ea | |
| 101 | 0 | @achi |
| 102 | @aCN@b110000 | |
| 200 | 1 | @a地下工程测量@Adi xia gong cheng ce liang@f赵吉先, 孙小荣主编@Fzhao ji xian,sun xiao rong zhu bian |
| 205 | @a2版 | |
| 210 | @a北京@c测绘出版社@d2013.06 | |
| 215 | @a197页@d28cm | |
| 606 | 0 | @a建筑测量 |
| 606 | 0 | @a建筑测量@x建筑制图 |
| 690 | @aTU198@v4 | |
| 701 | 0 | @a赵吉先@Azhao ji xian@4主编 |
| 701 | 0 | @a孙小荣@Asun xiao rong@4主编 |
| 801 | 0 | @aCN@b大连网信软件有限公司图书馆·11@c20131227 |
| 905 | @aZUCC@dTU198@eZ307=2 | |
| 地下工程测量/赵吉先, 孙小荣主编.-2版.-北京:测绘出版社,2013.06 |
| 197页;28cm |
| ISBN 7-5030-2825-4:CNY28.00 |
| ● |
| 相关链接 |
|
|
|
正题名:地下工程测量
索取号:TU198/Z307=2
 
预约/预借
| 序号 | 登录号 | 条形码 | 馆藏地/架位号 | 状态 | 备注 |
| 1 | 1501665 | 215016658 | 建筑库101/101建筑库 29排1列4层/ [索取号:TU198/Z307=2] | 在馆 | |
| 2 | 492508 | 204925082 | 建筑库101/101建筑库 29排1列4层/ [索取号:TU198/Z307=2] | 在馆 |